Music Quiz

Random Music or Singers Quiz

Female 'A' Singers Quiz Stats

 Plays Quiz Updated Feb 12, 2021

Support Sporcle.
Go Orange.
Score 0/9 Timer 01:00
11 Plays Today
Hint answer % Correct
___ WinehouseAmy
97.6%
___ KeysAlicia
96.3%
___ Adele
92.8%
___ LavigneAvril
92.7%
___ FranklinAretha
91.9%
___ LennoxAnnie
90.3%
___ MorissetteAlanis
88.6%
___ WardAnita
40.3%
___ FältskogAgnetha
26.1%

You're not logged in!

Compare scores with friends on all Sporcle quizzes.
OR
Log In

From the Vault

Remove Ads.
Support Sporcle.
Get the best of Sporcle when you Go Orange. This ad-free experience offers more features, more stats, and more fun while also helping to support Sporcle. Thank you for becoming a member.

Show Comments

Extras

Top Quizzes Today


Score Distribution

Your Account Isn't Verified!

In order to create a playlist on Sporcle, you need to verify the email address you used during registration. Go to your Sporcle Settings to finish the process.

Report this User

Report this user for behavior that violates our Community Guidelines.

Details: